|
|
|
|
| LEADER |
01016nam a2200253 a 4500 |
| 001 |
15261508 |
| 008 |
100617s2008 nyuab b 001 0 eng d |
| 010 |
|
|
|a \\\2008540210
|
| 020 |
|
|
|a 9780393930573
|
| 020 |
|
|
|a 0393930572
|
| 040 |
|
|
|a DLC
|c DLC
|d BD-DhAAL
|
| 082 |
0 |
0 |
|a 810.8
|2 22
|
| 245 |
0 |
4 |
|a The Norton anthology of American literature /
|c Nina Baym, general editor.
|
| 250 |
|
|
|a Shorter 7th ed.
|
| 260 |
|
|
|a New York :
|b W.W. Norton,
|c c2008.
|
| 300 |
|
|
|a xxxv, 2874, A90 p. :
|b ill. (some col.), maps (some col.) ;
|c 24 cm.
|
| 504 |
|
|
|a Includes bibliographical references and index.
|
| 541 |
1 |
|
|e 00020362
|
| 650 |
|
0 |
|a American literature.
|
| 651 |
|
0 |
|a United States
|v Literary collections.
|
| 700 |
1 |
|
|a Baym, Nina.
|
| 852 |
4 |
|
|a Ayesha Abed Library
|j General Shelf
|
| 999 |
|
|
|c 8985
|d 8985
|
| 952 |
|
|
|0 0
|1 0
|2 ddc
|4 0
|6 810_800000000000000_NOR_2008
|7 0
|9 11059
|a BRACUL
|b BRACUL
|c GEN
|d 2010-06-17
|l 1
|o 810.8 NOR
|p 3010020362
|r 2014-05-14
|s 2013-02-25
|t 1
|w 2010-06-17
|y BK
|x Transferred from ENH to Ayesha Abed library on 20/12/2023
|